000 01052nas a2200349 4500
001 BR0104800
003 BR-BrBNA
005 20231205102446.0
007 ta
008 230509b bl.|||p| |||| 00| 00por d
040 _aBR-BrBNA
_bpor
_cBiblioteca Nacional de Agricultura
041 _a(Pt)
072 _aM12; L50
100 1 _aFigueiredo, M.R.C.
100 1 _aLima, S.L.
100 1 _aAgostinho, C.A.
100 1 _aBaeta, F. da C.
245 1 _aEfeito da temperatura e do fotoperiodo sobre o desenvolvimento do aperelho reprodutivo de ra-touro (Rana catesbiana Shaw, 1802)
650 _aRa Touro
650 _aAparelho Reprodutor
650 _aFotoperiodismo
650 _aTemperatura
650 _aMaturacao
650 _aReproducao
650 _aPeso
650 _aFigado
650 _aAlho
650 _aMinas Gerais
773 0 _tRevista Brasileira de Zootecnia (Brazil)
_xISSN 1516-3598
_g(May-Jun 2001), v. 30(3)Suplemento 1 p. 916-923
_wBR0104800
909 _a202311
_bLúcia
_c55
_dLúcia Elande
942 _2AGRIS
_n0
_cANA
999 _c167677
_d167677